00000000cas 2200000zi 4500
0019.882028
003CaOODSP
00520260618115023
006m     o  d f      
007cr cn ||||||||
008191115d20182022oncar p o    f0###a0eng|d
022 |a2562-6078
040 |aCaOODSP|beng|erda|cCaOODSP
041 |aeng|bfre|biku
043 |an-cn---
0861 |aR101-6E-PDF
222 0|aPolar knowledge
24500|aPolar knowledge : |baqhaliat report.
24630|aAqhaliat report
264 1|aOttawa, Ontario : |bPolar Knowledge Canada = Savoir polaire Canada, |c[2018-2022]
310 |aAnnual
336 |atext|btxt|2rdacontent
337 |acomputer|bc|2rdamedia
338 |aonline resource|bcr|2rdacarrier
3621 |aBegan with: 2018; ceased with: Volume 4 [2022].
500 |aIssued also in French under title: Savoir polaire : aqhaliat rapport.
588 |aDescription based on: 2018; title from PDF cover page.
588 |aLatest issue consulted: Volume 4 [2022].
650 0|aPolar regions|xResearch|zCanada|vPeriodicals.
655 7|aPeriodicals|2lcgft
7102 |aPolar Knowledge Canada, |eissuing body.
77508|tSavoir polaire : |w(CaOODSP)9.882040
77508|tUkiuqtaqtumi qauyihimanuarviat : |w(CaOODSP)9.910301
77508|tUkiuqtaqtumi qaujimaniq : |w(CaOODSP)9.910296